| 000 | 00460nam a2200133Ia 4500 | ||
|---|---|---|---|
| 008 | 220217s9999 xx 000 0 und d | ||
| 100 | _aJency John | ||
| 245 | 0 | _aStudies on beneficial effects and genetic diversity of root nodulating bacteria of Mucuna bracteata | |
| 260 |
_bMahatma Gandhi University _a Kottayam _c2007 |
||
| 500 | _aAvailable in Pathology | ||
| 500 | _aCourse: M.Sc. | ||
| 700 | _aDr Kochuthresiamma Joseph and Dr Shaji Philip | ||
| 942 | _cTS | ||
| 999 |
_c74349 _d74349 |
||